Last 25 Years: 'T' Movies Quiz Stats

 Plays Quiz Updated Jan 9, 2018

Challenge
Share
Tweet
Score 0/25 Timer 08:00
0 Plays Today
% Correct
Ted
98.2%
Transformers: Age of Extinction
96%
Toy Story 3
95.5%
Titanic
92.8%
Taken
89.8%
The Truman Show
79.4%
Trolls
79.3%
Troy
74.7%
Talladega Nights: The Ballad of Ricky Bobby
67.8%
Tomorrowland
64.3%
Trainspotting
62.1%
This Is the End
57.4%
Training Day
56.3%
% Correct
True Lies
53.8%
Twelve Monkeys
50.6%
There Will Be Blood
49.3%
The Talented Mr. Ripley
47.1%
The Time Traveler's Wife
28.1%
The Tree of Life
25.7%
Thor: Ragnarok
23.8%
Traffic
23.2%
Thirteen
18.1%
Transamerica
17.1%
Three Colors: Blue
5.6%
Talk to Her
3.3%

You're not logged in!

Compare scores with friends on all Sporcle quizzes.
Join for Free
OR
Log In

You Might Also Like...

Show Comments

Extras

Top Quizzes Today


Score Distribution

Your Account Isn't Verified!

In order to create a playlist on Sporcle, you need to verify the email address you used during registration. Go to your Sporcle Settings to finish the process.

Report this User

Report this user for behavior that violates our Community Guidelines.

Details: